Information retrieval: Computational and theoretical aspects (Record no. 30141)

MARC details
000 -LEADER
fixed length control field 00300nam a2200109Ia 4500
082 ## - DEWEY DECIMAL CLASSIFICATION NUMBER
Classification number 025.06
Item number HEA
100 ## - MAIN ENTRY--AUTHOR NAME
Personal name Heaps, H S
245 #0 - TITLE STATEMENT
Title Information retrieval: Computational and theoretical aspects
260 ## - PUBLICATION, DISTRIBUTION, ETC. (IMPRINT)
Place of publication New York
Name of publisher Academic
Year of publication 1978
942 ## - ADDED ENTRY ELEMENTS (KOHA)
Koha item type Books
Holdings
Withdrawn status Lost status Damaged status Not for loan Home library Current library Date acquired Cost, normal purchase price Full call number Accession Number Koha item type
        RRII Library RRII Library 16/12/2021 19.50 025.06 HEA 10718 Books